000
00306nam a22001217a 4500
040
_c
SK
082
_a
333
100
_a
TRAN THANHCANH; ត្រាន ថាន់កាញ់
245
_a
ដី និងព្រៃកម្ពុជា
260
_a
FRANCE
_b
TRA
_c
1995
300
_a
152p.
942
_c
KB
999
_c
9392
_d
9392